Развитие теории и методов электромагнитных расчетов управляемых асинхронных машин: диссертация на соискание ученой степени доктора технических наук; Спец. 05.09.03; Спец. 05.09.01

Podrobná bibliografie
Hlavní autor: Темлякова З. С. Зоя Савельевна
Korporativní autor: Новосибирский государственный технический университет
Další autoři: Инкин А. И. (научный консультант)
Jazyk:ruština
Vydáno: Новосибирск, [Б. и.], 2000
Témata:
Médium: Kniha
KOHA link:https://koha.lib.tpu.ru/cgi-bin/koha/opac-detail.pl?biblionumber=99665

MARC

LEADER 00000nbm0a2200000 4500
001 99665
005 20231031111819.0
035 |a (RuTPU)RU\TPU\book\107010 
090 |a 99665 
100 |a 20060710d2000 k y0rusy50 ca 
101 0 |a rus 
102 |a RU 
105 |a a m 001zy 
200 1 |a Развитие теории и методов электромагнитных расчетов управляемых асинхронных машин  |e диссертация на соискание ученой степени доктора технических наук  |e Спец. 05.09.03  |e Спец. 05.09.01  |f З. С. Темлякова  |g Новосибирский государственный технический университет; науч. конс. А. И. Инкин 
210 |a Новосибирск  |c [Б. и.]  |d 2000 
215 |a 367 л.  |c ил. 
320 |a Библиогр.: с. 333-363 (328 назв.). 
610 1 |a электрические машины 
610 1 |a электромагнитные процессы 
610 1 |a асинхронные машины 
610 1 |a статоры 
610 1 |a магнитное поле 
610 1 |a физико-математические модели 
610 1 |a магнитная проводимость 
610 1 |a расчет 
610 1 |a роторы 
610 1 |a электромагнитное поле 
610 1 |a трехфазные асинхронные двигатели 
610 1 |a диссертации 
675 |a 621.313.33(04)  |v 3 
686 |a 05.09.03  |a 05.09.01  |2 oksvnk 
700 1 |a Темлякова  |b З. С.  |g Зоя Савельевна 
702 1 |a Инкин  |b А. И.  |4 695 
712 0 2 |a Новосибирский государственный технический университет  |2 stltpush  |3 (RuTPU)RU\TPU\col\36 
801 1 |a RU  |b 63413507  |c 20060710  |g PSBO 
801 2 |a RU  |b 63413507  |c 20060913  |g PSBO 
942 |c BK